| 000 | 01256nam a2200361 i 4500 | ||
|---|---|---|---|
| 999 |
_c2140 _d2140 |
||
| 001 | 021272137 | ||
| 003 | UkOxU | ||
| 005 | 20230313073633.0 | ||
| 008 | 191106s2018 enka 000 0 eng d | ||
| 020 |
_a9781108434935 _qCoursebook |
||
| 035 | _a(UK-WkNB)9781108434935 | ||
| 035 | _a(StEdALDL)1/3678558 | ||
| 040 |
_aUK-WkNB _beng _erda _cUK-WkNB _dUkOxU |
||
| 041 | 0 |
_aeng _achi |
|
| 049 | _aCROBAR | ||
| 082 | 0 | 4 |
_a495.18 LIN _223 |
| 100 | 1 |
_aLing, Ivy Liu So, _eauthor. |
|
| 245 | 1 | 0 |
_aCambridge IGCSE® Chinese as a first language / _cIvy Liu So Ling, Martin Mak, Sandra Hon Yu. |
| 264 | 1 |
_aCambridge : _bCambridge University Press, _c2018. |
|
| 264 | 4 | _c©2018 | |
| 300 |
_a3 volumes : _billustrations ; _c28 cm |
||
| 336 |
_atext _2rdacontent |
||
| 337 |
_aunmediated _2rdamedia |
||
| 338 |
_avolume _2rdacarrier |
||
| 500 | _a"Cambridge Assessment International Education endorsed"--Cover. | ||
| 505 | 0 | _aCoursebook -- Workbook -- Teacher's book. | |
| 650 | 0 |
_aChinese language _xStudy and teaching (Secondary) |
|
| 700 | 1 |
_aMak, Martin, _eauthor. |
|
| 700 | 1 |
_aYu, Sandra Hon, _eauthor. |
|
| 710 | 2 |
_aCambridge Assessment International Education (Organisation), _esponsoring body. |
|
| 830 | 0 | _aCompletely Cambridge. | |
| 942 |
_2ddc _cTR |
||